Lorna Doone / (Record no. 3893)
[ view plain ]
| 000 -LEADER | |
|---|---|
| fixed length control field | 00639nam a2200229 a 4500 |
| 001 - CONTROL NUMBER | |
| JCCL Control Number | 3893 |
| 003 - CONTROL NUMBER IDENTIFIER | |
| JCCL marc code | BD-JhCC |
| 005 - DATE AND TIME OF LATEST TRANSACTION | |
| control field | 20171119181440.0 |
| 008 - FIXED-LENGTH DATA ELEMENTS--GENERAL INFORMATION | |
| fixed length control field | 880808s1964 enk 000 1 eng d |
| 035 ## - SYSTEM CONTROL NUMBER | |
| system control number | (BD-JhCC)3893 |
| 040 ## - CATALOGING SOURCE | |
| Original cataloging agency | CIA |
| Transcribing agency | CIA |
| Modifying agency | EQO |
| -- | BD-JhCC |
| 041 ## - LANGUAGE CODE | |
| Language code of Book | eng |
| 082 ## - DEWEY DECIMAL CLASSIFICATION NUMBER | |
| Classification number | 428.6 |
| Author mark and Year | BLA 1964 |
| 100 1# - MAIN ENTRY--PERSONAL NAME | |
| Personal name | Blackmore, R. D. |
| Fuller form of name | (Richard Doddridge), |
| Dates associated with a name | 1825-1900. |
| 245 10 - TITLE STATEMENT | |
| Title | Lorna Doone / |
| Statement of responsibility, etc | by R. D. Blackmore |
| 260 ## - PUBLICATION, DISTRIBUTION, ETC. (IMPRINT) | |
| Place of publication, distribution, etc | London ; |
| -- | New York : |
| Name of publisher, distributor, etc | Nelson, |
| -- | Longmans |
| Date of publication, distribution, etc | 1964 |
| 300 ## - PHYSICAL DESCRIPTION | |
| Pagination | 679 p. ; |
| Dimensions | 16 cm |
| 500 ## - GENERAL NOTE | |
| General note | The Nelson classics |
| 650 #0 - SUBJECT ADDED ENTRY--TOPICAL TERM | |
| Topical term or geographic name as entry element | Monmouth's Rebellion, 1685 |
| Form subdivision | Fiction. |
| 942 ## - ADDED ENTRY ELEMENTS (KOHA) | |
| Source of classification or shelving scheme | Dewey Decimal Classification |
| Koha item type | Books |
| Source of classification or shelving scheme | Damaged status | Not for loan | Home library | Current library | Shelving location | Date of accession | Total Checkouts | Full call number | Barcode | Date last seen | Copy number | Koha item type |
|---|---|---|---|---|---|---|---|---|---|---|---|---|
| Dewey Decimal Classification | JCC Rouf Library | JCC Rouf Library | General Stacks | 11/19/2017 | 428.6 BLA 1964 | 5666 | 11/19/2017 | C-1 | Books |